| 000 | 01547cam a2200337 i 4500 | ||
|---|---|---|---|
| 999 |
_c1432 _d1432 |
||
| 001 | 18295634 | ||
| 003 | OSt | ||
| 005 | 20221229141931.0 | ||
| 008 | 140909s2015 caua j 001 0 eng c | ||
| 010 | _a 2014034270 | ||
| 020 | _a9781480746466 (pbk.) | ||
| 040 |
_aNJQ/DLC _beng _cNJQ _erda _dDLC _dKH8 |
||
| 042 | _apcc | ||
| 082 | 0 | 4 |
_a531.6 WIN _223 |
| 100 | 1 |
_aWinterberg, Jenna, _eauthor. |
|
| 245 | 1 | 0 |
_aBalanced and unbalanced forces / _cJenna Winterberg. |
| 264 | 1 |
_aHuntington Beach, CA : _bTeacher Created Materials, _c[2015] |
|
| 300 |
_a32 pages : _billustrations (chiefly color) ; _c23 cm |
||
| 336 |
_atext _2rdacontent |
||
| 337 |
_aunmediated _2rdamedia |
||
| 338 |
_avolume _2rdacarrier |
||
| 500 | _aIncludes index. | ||
| 505 | 0 | _aLet the battle begin! -- Energy and motion -- Contact forces -- Distant forces -- Combined forces -- And the winner is -- Think like a scientist. | |
| 520 |
_a"Forces are part of our everyday lives. And knowing how they work makes us all more powerful! Balanced forces will keep you upright on your bike. Unbalanced forces will help you ride your bike as fast as the wind. Balanced and unbalanced forces play a part in all that we do."-- _cProvided by publisher. |
||
| 521 | 2 | _aK to grade 3. | |
| 650 | 0 |
_aForce and energy _vJuvenile literature. |
|
| 650 | 0 |
_aEnergy conversion _vJuvenile literature. |
|
| 906 |
_a7 _bcbc _corignew _d1 _eecip _f20 _gy-gencatlg |
||
| 942 |
_2ddc _cNFIC |
||